Responses for show #6185 - Friday, July 1, 2011

Contestants

[<< previous game]

Ben Wong, a high school history teacher originally from San Francisco, California

Josh Cabat, a high school English teacher from New York, New York

Rachel Winer, a graduate student in teaching from Burlington, Vermont (whose 1-day cash winnings total $22,200)

[next game >>]

Jeopardy! Round responses

THE HUMAN BODY
DIRTY DANCING WITH THE STARS
AD SLOGANS
CHILDREN'S LIT CHARACTERS
THE COLOR PURPLE
"GR"!
    $200 13
a muscle

Rachel
    $200 21
Jennifer Grey

Rachel
    $200 4
Pillsbury

Ben
    $200 1
toll booth

Ben
    $200 22
the Purple Heart

Ben
    $200 7
granola

Ben
    $400 14
the liver

Rachel
    $400 24
Chicago

Rachel
    $400 5
Smith Barney

Josh
    $400 2
The Wind in the Willows

Rachel
    $400 23
Barney

Josh
    $400 8
grotto

Josh
    $600 15
shoulder blade

Ben
    $600 26
Al Pacino

Ben
    $600 16
(Ben: What is Dove?)

L'Oreal

RachelBen
    $600 3
A Wrinkle in Time

Ben
    $600 25
a purple people eater

Josh
    $600 9
a gratuity

Rachel
    $800 17
windpipe

Ben
    $800 27
(Josh: What is Striptease?)

Showgirls

JoshBen
    $800 18
Subaru

Triple Stumper
    $500 6
Mowgli

Josh
    $800 29
lavender

Josh
    $800 11
Grandmaster

Ben
    $1000 20
albumen

Triple Stumper
    $1000 28
Jessica Alba

Ben
    $1000 19
Sony Playstation

Ben
    $1000 10
C. S. Lewis

Rachel
    $1000 30
lilacs

Josh
    $1000 12
granita

Rachel

Scores at the first commercial break (after clue 15):

Rachel Josh Ben
$3,600 $1,300 $2,600

Scores at the end of the Jeopardy! Round:

Rachel Josh Ben
$4,800 $3,300 $6,400

Double Jeopardy! Round responses

IT'S OUR TERRITORY
RADIO MUSIC
KEEP 'EM SEPARATED
BIRTHSTONES
EXPLORERS
"LAND", HO!
    $400 7
Great Britain

Ben
    $400 2
Beyonce

Ben
    $400 24
John

Ben
    $400 18
a pearl

Ben
    $400 3
the South Pole

Josh
    $400 11
slander

Ben
    $800 8
Denmark

Rachel
    $800 4
David Byrne

Josh
    $800 25
Niagara Falls

Triple Stumper
    $800 19
Turquoise

Rachel
    $800 6
Japan

Rachel
    $800 14
hollandaise

Ben
    $1200 9
the Netherlands

Josh
    $1200 1
the Ramones

Josh
    $1200 26
gamma

Rachel
    $1200 20
Topaz

Josh
    $1200 12
(Ben: Who is Hillary?)
(Alex: Be more specific.)
(Ben: [*]?)

Edmund Hillary

Ben
    $1200 21
a philanderer

Rachel
    $1600 16
(Alex: They both belong to [*].)

Spain

Triple Stumper
    $1600 5
K.A.O.S.

Ben
    $1600 29
(Josh: What are the Caucases?)

the Urals

RachelJosh
    $1600 27
(Rachel: What are diamonds?)
...
(Alex: Thinking of Atahualpa, South America--[*].)

emeralds

Rachel
Triple Stumper
    $1600 13
Bering

Josh
    $1600 22
wasteland

Rachel
    $2000 17
(Alex: That's a tougher one. Belongs to [*]. Doesn't even sound French, does it?)

France

Triple Stumper
    $2000 10
(Alex: And that cartoonish title is [*].)

Road Runner

Triple Stumper
    $2000 30
(Alex: Yes, those are the 4 words.)

"of the United States"

Rachel
    $3,000 28
(Alex: Sapphire for September--you're right. Opal and October were the other one.)

sapphire (or opal)

Rachel
    $2,800 15
Dr. (David) Livingstone

Ben
    $2000 23
Aaron Copland

Josh

Scores at the end of the Double Jeopardy! Round:

Rachel Josh Ben
$16,200 $10,100 $14,800

[wagering suggestions for these scores]

Final Jeopardy! Round responses

BRITISH AUTHORS
(Alex: And over the last 20 years or so, a very popular author with British filmmakers.)
JoshWho is George Eliot?
$7,501
BenWho is Jane Austen?
$3,800
RachelWho is Jane Austen?
$13,401
Jane Austen

Final scores:

Rachel Josh Ben
$29,601 $2,599 $18,600
2-day champion: $51,801 3rd place: $1,000 2nd place: $2,000

Game dynamics:

Coryat scores:

Rachel Josh Ben
$15,200 $10,400 $14,000
18 R
(including 1 DD),
1 W
14 R
(including 1 DD),
2 W
21 R
(including 1 DD),
1 W

Combined Coryat: $39,600

The J! Archive is created by fans, for fans. The Jeopardy! game show and all elements thereof, including but not limited to copyright and trademark thereto, are the property of Jeopardy Productions, Inc. and are protected under law. This website is not affiliated with, sponsored by, or operated by Jeopardy Productions, Inc. Join the discussion at JBoard.tv.